000 00444nam a2200145 i 4500
001 34158
003 ES-MaACL
007 t|
008 030204s1912 sp ||||1| spa d
100 1 _aBlanco-Belmonte, Marcos Rafael.
_929226
245 1 3 _aLa patria de mis sueƱos
_b: poemas /
_cM. R. Blanco-Belmonte.
260 _aMadrid :
_b[s.n.,
_c1912] (
_fEst. tip. Sucesores de Rivadeneyra)
300 _a218 p. ;
_c19 cm.
852 _aES-MaACL
_jG-3510
999 _c34158
_d34158